On law and justice / (Record no. 3977)
[ view plain ]
| 000 -LEADER | |
|---|---|
| fixed length control field | 00964cam a2200301 a 4500 |
| 001 - CONTROL NUMBER | |
| control field | 3977 |
| 003 - CONTROL NUMBER IDENTIFIER | |
| rucl marc code | BD-RjUL |
| 005 - DATE AND TIME OF LATEST TRANSACTION | |
| control field | 20211208233819.0 |
| 008 - FIXED-LENGTH DATA ELEMENTS--GENERAL INFORMATION | |
| fixed length control field | 840522s1958 cau b 00110 eng |
| 020 ## - INTERNATIONAL STANDARD BOOK NUMBER | |
| International Standard Book Number | 0520028511 |
| 035 ## - SYSTEM CONTROL NUMBER | |
| System control number | (BD-RjUL)4011 |
| 040 ## - CATALOGING SOURCE | |
| Original cataloging agency | DLC |
| Transcribing agency | DLC |
| Modifying agency | NIC |
| -- | MBU-L |
| -- | BD-RjUL |
| Language of cataloging | eng |
| 041 1# - LANGUAGE CODE | |
| Language code of text/sound track or separate title | eng |
| Language code of original | dan |
| 082 ## - DEWEY DECIMAL CLASSIFICATION NUMBER | |
| Classification number | 340 |
| Author mark and year | ROO 1958 |
| 090 ## - LOCALLY ASSIGNED LC-TYPE CALL NUMBER (OCLC); LOCAL CALL NUMBER (OCLC) | |
| Classification number (OCLC) (R) ; Classification number, CALL (RLIN) (NR) | K155.D3 |
| Local cutter number (OCLC) ; Book number/undivided call number, CALL (RLIN) | R6713 1974 |
| 100 10 - MAIN ENTRY--PERSONAL NAME | |
| Personal name | Ross, Alf, |
| Dates associated with a name | 1899- |
| 9 (RLIN) | 12664 |
| 245 10 - TITLE STATEMENT | |
| Title | On law and justice / |
| Statement of responsibility, etc. | Alf Ross. |
| 260 ## - PUBLICATION, DISTRIBUTION, ETC. (IMPRINT) | |
| Place of publication, distribution, etc. | Berkeley : |
| Name of publisher, distributor, etc. | University of California Press, |
| Date of publication, distribution, etc. | c1958. |
| 300 ## - PHYSICAL DESCRIPTION | |
| Pagination | xi, 383 p. ; |
| Size | 21 cm. |
| 490 0# - SERIES STATEMENT | |
| Series statement | California Library reprint series. |
| 500 ## - GENERAL NOTE | |
| General note | Translation of Om ret og retf�rdighed. |
| 504 ## - BIBLIOGRAPHY, ETC. NOTE | |
| Bibliography, etc | Includes bibliographical references and index. |
| 650 #0 - SUBJECT ADDED ENTRY--TOPICAL TERM | |
| Topical term or geographic name as entry element | Jurisprudence. |
| 9 (RLIN) | 12665 |
| 856 ## - ELECTRONIC LOCATION AND ACCESS | |
| Uniform Resource Identifier | <a href="http://www.worldcat.org/title/on-law-and-justice/oclc/22126882&referer=brief_results">http://www.worldcat.org/title/on-law-and-justice/oclc/22126882&referer=brief_results</a> |
| 942 ## - ADDED ENTRY ELEMENTS (KOHA) | |
| Source of classification or shelving scheme | Dewey Decimal Classification |
| Koha item type | Books |
| Lost status | Source of classification or shelving scheme | Damaged status | Not for loan | Collection code | Permanent Location | Current Location | Shelving location | Date acquired | Source of acquisition | Cost, normal purchase price | Total Checkouts | Full call number | Date last seen | Copy number | Koha item type |
|---|---|---|---|---|---|---|---|---|---|---|---|---|---|---|---|
| Dewey Decimal Classification | Not For Loan | Non-fiction | Central Library, University of Rajshahi | Central Library, University of Rajshahi | Reading Room | 08/11/1963 | Zeitlinger | 47.60 | 340 ROO 1958 | 21/12/2013 | C-1 | Books |